Southville International School and Colleges
Your cart is empty.
  • Cart
  • Lists
    Public lists Eva Luna New books Lux_list list_1
    Your lists Log in to create your own lists
  • Log in to your account
  • Your cookies
  • Search history
Southville International School and Colleges
  • Advanced search
  • Recent comments
  • Most popular
  • Libraries

Log in to your account

Log in with GOOGLE


If you do not have an external account, but do have a local account, you can still log in:

  1. Home
  2. MARC view: Human behavior in organization /
Normal view MARC view ISBD view

Human behavior in organization / (Record no. 117907)

[ view plain ]
MARC details
000 -LEADER
fixed length control field 00537nam a2200181Ia 4500
003 - CONTROL NUMBER IDENTIFIER
control field 0
005 - DATE AND TIME OF LATEST TRANSACTION
control field 20250317124736.0
008 - FIXED-LENGTH DATA ELEMENTS--GENERAL INFORMATION
fixed length control field 140609s9999 xx 000 0 und d
020 ## - INTERNATIONAL STANDARD BOOK NUMBER
International Standard Book Number 9789712359125
050 ## - LIBRARY OF CONGRESS CALL NUMBER
Classification number HD 58.7
Item number .M468 2011
100 ## - MAIN ENTRY--PERSONAL NAME
Personal name Medina, Roberto G.
245 ## - TITLE STATEMENT
Title Human behavior in organization /
Statement of responsibility, etc Roberto G. Medina
260 ## - PUBLICATION, DISTRIBUTION, ETC. (IMPRINT)
Place of publication, distribution, etc Manila, Philippines :
Name of publisher, distributor, etc Rex Book Store,
Date of publication, distribution, etc c2011.
300 ## - PHYSICAL DESCRIPTION
Extent 281 p. ;
Dimensions 22 cm.
500 ## - GENERAL NOTE
General note Includes bibliographical references and index.
942 ## - ADDED ENTRY ELEMENTS (KOHA)
Call number prefix Local
Koha item type Books
Source of classification or shelving scheme Library of Congress Classification
Holdings
Withdrawn status Lost status Source of classification or shelving scheme Damaged status Home library Current library Shelving location Date acquired Source of acquisition Total Checkouts Full call number Barcode Date last seen Price effective from Koha item type Total Renewals Date checked out
    Library of Congress Classification   College Library College Library General Circulation Section 06/26/2012 Donation   HD 58.7 .M468 2011 C14578 10/18/2013 10/18/2013 Books    
    Library of Congress Classification   College Library College Library Filipiniana Section 06/09/2014 Donation 4 HD 58.7 .M468 2011 C18195 04/06/2019 06/09/2014 Books 10 03/16/2019

Human behavior in organization /

APA

Medina R. G., . (2011). Human behavior in organization. Manila, Philippines: Rex Book Store.

Chicago

Medina Roberto G, . 2011. Human behavior in organization. Manila, Philippines: Rex Book Store.

Harvard

Medina R. G., . (2011). Human behavior in organization. Manila, Philippines: Rex Book Store.

MLA

Medina Roberto G, . Human behavior in organization. Manila, Philippines: Rex Book Store. 2011.

  • Place hold
  • Print
  • Cite
  • Add to your cart (remove)
  • Save record
    BIBTEX Dublin Core MARCXML MARC (non-Unicode/MARC-8) MARC (Unicode/UTF-8) MARC (Unicode/UTF-8, Standard) MODS (XML) RIS
  • More searches
    Search for this title in:
    Other Libraries (WorldCat) Other Databases (Google Scholar) Online Stores (Bookfinder.com) Open Library (openlibrary.org)

Exporting to Dublin Core...

SOUTHVILLE LIBRARY

Southville International School and Colleges Library

1281 Tropical Ave. Cor. Luxembourg St., BF Homes International, Las Pinas City

Tel. No. 8256374 / 252358 Loc. 117/146

Powered by Koha